00582nam a22001697a 450000500170000001000150001702000260003203500130005803700130007108200140008410000240009824501010012226000430022327001020026630000240036870000200039220140314125139.0 aENG-109447 c525.00a9789350352090 aEN-92980 bDBAD/PUB a342.54062 aKashyap, Subhash C.00aIndian presidency :cby Subhash C. Kashyap [and] Abhaya Kashyapbconstitution law and practice / aDelhibUniversal Law Publishing c2012 aC-FF-1A, Dilkhus Industrial Estate, (Near Azadpur Metro Station) G.T. Karnal Road,bDelhie110033 axii,276p.c24cm(Hb) aKashyap, Abhaya